Welcome to the Holygrace Academy Library

Please use search bar below to get started

ENGLISH RANK SCORER (Record no. 3679)

MARC details
000 -LEADER
fixed length control field 00268nam a22001217a 4500
082 ## - DEWEY DECIMAL CLASSIFICATION NUMBER
Classification number 001
Item number SAN/E
100 ## - MAIN ENTRY--AUTHOR NAME
Personal name SANKARAN,G
245 ## - TITLE STATEMENT
Title ENGLISH RANK SCORER
260 ## - PUBLICATION, DISTRIBUTION, ETC. (IMPRINT)
Place of publication KERALA
Name of publisher ADDONE PUBLISHING GROUP
300 ## - PHYSICAL DESCRIPTION
Number of Pages 384
650 ## - SUBJECT ADDED ENTRY--TOPICAL TERM
Topical Term COMPOSITIONS
Geographic subdivision KERALA
942 ## - ADDED ENTRY ELEMENTS (KOHA)
Koha item type Books
Holdings
Withdrawn status Lost status Collection code Home library Current library Shelving location Date acquired Source of acquisition Full call number Accession Number Koha item type
    Reference Main Library Main Library SHELF-16B -ENGLISH SPEECHES,ESSAYS,QUOTES 05/12/2012 PURCHASE 001 SAN/E 04564 Books